000 00738nam a2200289Ia 4500
005 20260324132715.0
008 008 260324s9999 xx 000 0 eng d
020 _a9780429187735
037 _aEBOOK
040 _aCRL
040 _beng
040 _cCRL
041 _2eng
041 _aeng
084 _qCRL
100 _aOsamu Katai
_91190318
245 0 _aCurrent Research of the Human Interface Society
245 2 _bA Special Issue of the international Journal of Human-computer Interaction
260 _bTaylor and Francis
260 _c2004
365 _a
365 _b385
856 _uhttp://www.taylorfrancis.com/books/9780429187735
942 _cEBOOK
999 _c1788650
_d1788650